000 00912nam a2200313 i 4500
001 bg
100 1 _aOkolski, Dariusz.
245 1 0 _aUmowa o roboty budowlane /
_cDariusz Okolski.
250 _a4 wyd.
260 _aWarszawa :
_bWydawnictwo C. H. Beck,
_c2007.
300 _aXII, 159 s. ;
_c17 cm.
490 1 _aPrawnik Radzi
504 _aBibliogr. s. XI-XII. Indeks.
650 9 _aBudownictwo
_xprawo
_zPolska
_ystan na 2007 r.
650 9 _aUmowa
_xbudownictwo
_zPolska
_ystan na 2007 r.
830 _aPrawnik Radzi
015 _aPB 5270/2007
020 _a837483465X
020 _a9788374834650
040 _cBPK
041 _apol
044 _aPOL
080 _a349.442:347.45/.46](438)
920 _a83-7483-465-X
920 _a978-83-7483-465-0
942 _cKS
008 070302s2007 pl |001 0 pol
999 _c55394
_d55394
856 _uhttp://koha.tu.koszalin.pl/cgi-bin/koha/opac-detail.pl?biblionumber=55394
_yKatalog online BPK